000 00673nam a22002297a 4500
003 UA-OsUOA
001 66730
007 ta
008 20100126b un ||||| |||| 00| 0 ukr d
100 _aСкуба В.
700 _aОгей М.
090 _a908
_bС46
942 _cSA
040 _aUA-OsUOA
_bukr
_cUA-OsUOA
_dUA-OsUOA
245 _aВивчаємо мову серед її носіїв. Студенти Острозької академії мають змогу пройти мовні курси у Німеччині
300 _aС.4
955 _a0
041 _aukr
080 _a908
773 0 _w66724
650 7 _a908 Краєзнавство
_2UDC
999 _c352856
_d352856